000 00722nam a22002297a 4500
003 UA-OsUOA
001 68853
007 ta
008 20100520b un ||||| |||| 00| 0 ukr d
090 _a81'374.3
_bК68
942 _cBK
040 _aUA-OsUOA
_bukr
_cUA-OsUOA
_dUA-OsUOA
245 _aКороткий тлумачний словник української мови
_cГринчишина Д. Г.
300 _a320 с.
955 _a2
041 _aukr
080 _a81'374.3
020 _a5-330-00358-Х
260 _aК.
_bРядянська школа
_c1988
650 7 _a8 Мовознавство. Художня література. Літературознавство
_2UDC
999 _c355104
_d355104